<?xml version="1.0" encoding="UTF-8"?>
<record
    xmlns:xsi="http://www.w3.org/2001/XMLSchema-instance"
    xsi:schemaLocation="http://www.loc.gov/MARC21/slim http://www.loc.gov/standards/marcxml/schema/MARC21slim.xsd"
    xmlns="http://www.loc.gov/MARC21/slim">

  <leader>01485nam a22002777a 4500</leader>
  <datafield tag="999" ind1=" " ind2=" ">
    <subfield code="c">22008</subfield>
    <subfield code="d">22008</subfield>
  </datafield>
  <controlfield tag="003">AR-CdUCM</controlfield>
  <controlfield tag="008">190425b           ||||| |||| 00| 0 spa d</controlfield>
  <datafield tag="040" ind1=" " ind2=" ">
    <subfield code="a">MUNICIPALIDAD PROVINCIAL DEL CUSCO</subfield>
    <subfield code="c">BIBLIOTECA MUNICIPAL DEL CUSCO</subfield>
  </datafield>
  <datafield tag="082" ind1=" " ind2=" ">
    <subfield code="a">SemanaCuzco/N&#xB0;1/1945</subfield>
  </datafield>
  <datafield tag="245" ind1=" " ind2=" ">
    <subfield code="a">Semana del Cuzco :</subfield>
    <subfield code="b">Cita continental en la capital arqueol&#xF3;gica de Am&#xE9;rica del 24 de junio al 1 de julio /</subfield>
    <subfield code="c">Humberto Vidal</subfield>
  </datafield>
  <datafield tag="260" ind1=" " ind2=" ">
    <subfield code="a">Cusco.</subfield>
    <subfield code="b">La Econ&#xF3;mica,</subfield>
    <subfield code="c">1945.</subfield>
  </datafield>
  <datafield tag="300" ind1=" " ind2=" ">
    <subfield code="a">48 p&#xE1;ginas. :</subfield>
    <subfield code="c">21 cm.</subfield>
  </datafield>
  <datafield tag="440" ind1=" " ind2=" ">
    <subfield code="a">Semana del Cuzco.</subfield>
    <subfield code="n">N&#xB0;1, 1945</subfield>
    <subfield code="9">47136</subfield>
  </datafield>
  <datafield tag="505" ind1=" " ind2=" ">
    <subfield code="a">Contenido: El d&#xED;a del Cuzco. -- Ley que crea la semana del Cuzco. -- El comit&#xE9; pro celebraci&#xF3;n de la semana del Cuzco. -- La capital arqueol&#xF3;gica de Am&#xE9;rica. -- El 24 de junio. -- Cuzco ayer hoy y ma&#xF1;ana capital espiritual del Per&#xFA;. Guillermo Guevara. -- Ansia y canci&#xF3;n para el Cusco. --  Cuzco emblema de peruanidad. Alfredo Y&#xE9;pez Miranda. -- Mensajes de saludo a la ciudad. Ernesto Barreto Guti&#xE9;rrez. -- Oraci&#xF3;n al Cuzco. Rafael Aguilar. -- En este solemne d&#xED;a del Cuzco. -- Cantos al Cuzco. -- Oraci&#xF3;n al Cusco.</subfield>
  </datafield>
  <datafield tag="650" ind1=" " ind2=" ">
    <subfield code="a">Fiestas del Cusco</subfield>
    <subfield code="9">13258</subfield>
  </datafield>
  <datafield tag="650" ind1=" " ind2=" ">
    <subfield code="a">Dia del Cusco</subfield>
    <subfield code="9">47137</subfield>
  </datafield>
  <datafield tag="650" ind1=" " ind2=" ">
    <subfield code="a">Semana del Cusco</subfield>
    <subfield code="9">47138</subfield>
  </datafield>
  <datafield tag="650" ind1=" " ind2=" ">
    <subfield code="a">Cusque&#xF1;ismo</subfield>
    <subfield code="9">2721</subfield>
  </datafield>
  <datafield tag="700" ind1=" " ind2=" ">
    <subfield code="a">Guevara, Guillermo</subfield>
    <subfield code="9">25365</subfield>
  </datafield>
  <datafield tag="700" ind1=" " ind2=" ">
    <subfield code="a">Y&#xE9;pez Miranda</subfield>
    <subfield code="9">47139</subfield>
  </datafield>
  <datafield tag="700" ind1=" " ind2=" ">
    <subfield code="a">Barreto Guti&#xE9;rrez, Ernesto</subfield>
    <subfield code="9">47140</subfield>
  </datafield>
  <datafield tag="700" ind1=" " ind2=" ">
    <subfield code="a">Aguilar, Rafael</subfield>
    <subfield code="9">17799</subfield>
  </datafield>
  <datafield tag="700" ind1=" " ind2=" ">
    <subfield code="a">Vidal Unda, Humberto</subfield>
    <subfield code="9">45978</subfield>
  </datafield>
  <datafield tag="942" ind1=" " ind2=" ">
    <subfield code="2">ddc</subfield>
    <subfield code="c">PP</subfield>
  </datafield>
  <datafield tag="945" ind1=" " ind2=" ">
    <subfield code="a">rac</subfield>
  </datafield>
  <datafield tag="952" ind1=" " ind2=" ">
    <subfield code="0">0</subfield>
    <subfield code="2">ddc</subfield>
    <subfield code="4">0</subfield>
    <subfield code="7">0</subfield>
    <subfield code="a">HEM</subfield>
    <subfield code="b">HEM</subfield>
    <subfield code="c">CART</subfield>
    <subfield code="d">2022-02-04</subfield>
    <subfield code="g">10.00</subfield>
    <subfield code="o">SemanaCuzco/N&#xB0;1/1945</subfield>
    <subfield code="p">REVC000536</subfield>
    <subfield code="r">2022-02-04</subfield>
    <subfield code="y">PP</subfield>
  </datafield>
</record>
